African political systems (Record no. 83801)
[ view plain ]
| 000 -LEADER | |
|---|---|
| fixed length control field | 00891nam a2200217 a 4500 |
| 008 - FIXED-LENGTH DATA ELEMENTS--GENERAL INFORMATION | |
| fixed length control field | 120416s1970 ||||||||||||||||| || u |
| 020 ## - INTERNATIONAL STANDARD BOOK NUMBER | |
| International Standard Book Number | 0192850407 |
| 050 ## - LIBRARY OF CONGRESS CALL NUMBER | |
| Classification number | GN 490 Afr |
| 100 ## - MAIN ENTRY--PERSONAL NAME | |
| Personal name | Evans-Pritchard, Edward Evans, 1902- |
| 245 10 - TITLE STATEMENT | |
| Title | African political systems |
| Statement of responsibility, etc. | edited by M. Fortes |
| 260 ## - PUBLICATION, DISTRIBUTION, ETC. | |
| Place of publication, distribution, etc. | London |
| Name of publisher, distributor, etc. | Oxford University Press |
| Date of publication, distribution, etc. | 1970. |
| 300 ## - PHYSICAL DESCRIPTION | |
| Extent | xxiii, 302p. : ill. |
| 350 ## - | |
| -- | 0.00 |
| 650 ## - SUBJECT ADDED ENTRY--TOPICAL TERM | |
| Topical term or geographic name entry element | Indigenous peoples--Africa |
| 650 ## - SUBJECT ADDED ENTRY--TOPICAL TERM | |
| Topical term or geographic name entry element | Political anthropology--Africa |
| 650 ## - SUBJECT ADDED ENTRY--TOPICAL TERM | |
| Topical term or geographic name entry element | TRIBAL GOVERNMENT |
| 650 ## - SUBJECT ADDED ENTRY--TOPICAL TERM | |
| Topical term or geographic name entry element | ANTHROPOLOGY |
| 700 ## - ADDED ENTRY--PERSONAL NAME | |
| Personal name | Fortes, M |
| 995 ## - | |
| -- | MAIN LIBRARY OPEN ACCESS |
| -- | 0.00 |
| -- | 716342 |
| -- | CBU-MAIN LIBRARY (Kitwe) |
| -- | 1 |
| -- | 4.75 |
| -- | GN 490 Afr |
| -- | 1 |
| -- | AVAILABLE |
| -- | 000666 |
| -- | Main Library Open Access Collection |
| 995 ## - | |
| -- | MAIN LIBRARY OPEN ACCESS |
| -- | 0.00 |
| -- | 707462 |
| -- | CBU-MAIN LIBRARY (Kitwe) |
| -- | 2 |
| -- | 4.75 |
| -- | GN 490 Afr |
| -- | 2 |
| -- | AVAILABLE |
| -- | 000667 |
| -- | Main Library Open Access Collection |
| 999 ## - | |
| -- | 83801 |
| -- | 83801 |
| Withdrawn status | Lost status | Source of classification or shelving scheme | Damaged status | Not for loan | Permanent Location | Current Location | Shelving location | Date acquired | Total Checkouts | Full call number | Barcode | Date last seen | Copy number | Price effective from | Koha item type |
|---|---|---|---|---|---|---|---|---|---|---|---|---|---|---|---|
| CBU-MAIN LIBRARY, KITWE. | CBU-MAIN LIBRARY, KITWE. | 01/08/2024 | GN 490 Afr | 000666 | 01/08/2024 | 1 | 01/08/2024 | MONOGRAPH | |||||||
| CBU-MAIN LIBRARY, KITWE. | CBU-MAIN LIBRARY, KITWE. | 01/08/2024 | GN 490 Afr | 000667 | 01/08/2024 | 2 | 01/08/2024 | MONOGRAPH |